000 00458nam a2200181Ia 4500
005 20250423095655.0
008 250422s9999 xx 000 0 und d
020 _a9780443031847
050 _aRJ 520.H94 .A96/
100 _aAynsley-Green, A.
245 0 _aHypoglycaemia in infancy and childhood
260 _aNew York
260 _bChurchill Livigstone
260 _c1985
300 _a165 p
650 _a Hypoglycemia in children.
942 _cBK
999 _c30989
_d30989